[Event "Challenge"]
[Site "http://www.queenalice.com/game.php?id=843521"]
[Date "2010.10.9"]
[Round "-"]
[White "Ares23"]
[Black "Admilton"]
[Result "0-1"]
[WhiteElo "1486"]
[BlackElo "1479"]

1. e4 e5 2. Nf3 Qf6 3. d4 d6 4. Bb5+ c6 5. Ba4 b5 6. Bb3 Bg4 7. Nbd2 Bxf3 8.
Nxf3 h6 9. O-O Nd7 10. Be3 Ne7 11. c3 Ng6 12. Qd2 Ne7 13. Rad1 exd4 14. Bxd4 Qg6
15. Rfe1 c5 16. Be3 Nc6 17. Bc2 Nce5 18. Nxe5 Nxe5 19. Qe2 a6 20. f4 Nc4 21. f5
Qf6 22. Bd3 Ne5 23. b3 Be7 24. Bf4 Nc6 25. c4 Nd4 26. Qd2 b4 27. e5 dxe5 28.
Bxe5 Qg5 29. Qxg5 hxg5 0-1

[Event "Challenge"]
[Site "http://www.queenalice.com/game.php?id=845013"]
[Date "2010.10.13"]
[Round "-"]
[White "Ares23"]
[Black "kisarsk"]
[Result "0-1"]
[WhiteElo "1470"]
[BlackElo "1635"]

1. e4 d5 2. f3 d4 3. Bc4 c5 4. d3 a6 5. c3 b5 6. Bd5 Ra7 7. Ne2 Rd7 8. cxd4 cxd4
9. Nxd4 e6 10. Bb3 Rxd4 11. Bc2 Nc6 12. O-O Nb4 13. Be3 Rd7 14. a4 Qc7 15. Na3
Bc5 16. Bxc5 Qxc5+ 17. Kh1 Nf6 18. axb5 axb5 19. Nxb5 Nxc2 20. Rc1 Qxb5 21. Rxc2
O-O 22. g4 Rxd3 23. Qe2 Rfd8 24. Rcc1 Qa5 25. Qe1 Qa6 26. Qe2 Bb7 27. Rfe1 Qa2
28. Red1 Ba6 29. e5 Ne8 30. Rxd3 Bxd3 31. Qd2 Qb3 32. Qd1 Qd5 33. Rc3 Qxe5 34.
Rxd3 Rxd3 35. Qxd3 g6 36. Qd8 Kf8 37. b4 Qe1+ 38. Kg2 Qxb4 39. h4 Qb7 40. h5
gxh5 41. gxh5 Qb2+ 42. Kg3 Qe5+ 43. f4 Qxh5 44. Qd7 Nf6 45. Qd4 Qg6+ 0-1

[Event "Cruzeiro x Flamengo"]
[Site "http://www.queenalice.com/game.php?id=846082"]
[Date "2010.10.15"]
[Round "-"]
[White "Scaracioli"]
[Black "Ares23"]
[Result "1-0"]
[WhiteElo "1583"]
[BlackElo "1429"]

1. e4 e5 2. Nf3 Nc6 3. Bb5 f6 4. Bxc6 dxc6 5. Nc3 Bb4 6. a3 Bxc3 7. bxc3 Ne7 8.
d3 O-O 9. Be3 f5 10. Nxe5 Qd6 11. f4 g6 12. O-O fxe4 13. dxe4 Be6 14. Qe2 b5 15.
Rfd1 1-0

[Event "Challenge"]
[Site "http://www.queenalice.com/game.php?id=847126"]
[Date "2010.10.17"]
[Round "-"]
[White "Ares23"]
[Black "tewald"]
[Result "0-1"]
[WhiteElo "1419"]
[BlackElo "1823"]

1. e4 e6 2. Nf3 d5 3. Nc3 dxe4 4. Nxe4 Nd7 5. Bc4 Ngf6 6. d3 Be7 7. O-O O-O 8.
Qe2 a5 9. Bg5 h6 10. Bxf6 Nxf6 11. a3 Nxe4 12. dxe4 c6 13. Rfd1 Qc7 14. e5 b5
15. Bd3 f5 16. Rd2 Bb7 17. Re1 Qb6 18. c3 g5 0-1

[Event "JÁ ERA!"]
[Site "http://www.queenalice.com/game.php?id=923832"]
[Date "2011.4.9"]
[Round "-"]
[White "Ares23"]
[Black "rxk"]
[Result "0-1"]
[WhiteElo "1392"]
[BlackElo "1882"]

1. e4 c5 2. Nf3 Nc6 3. d4 cxd4 4. Nxd4 d6 5. Bb5 Bd7 6. Ba4 Nf6 7. Nc3 e5 8.
Nxc6 bxc6 9. O-O Be7 10. Be3 O-O 11. Qd2 Qc7 12. Rad1 Rad8 13. f3 Be6 14. Bg5
Qb6+ 15. Kh1 h6 16. Be3 Qb7 17. b3 d5 18. exd5 cxd5 19. f4 d4 0-1

[Event "AUTO-INT-2004"]
[Site "http://www.queenalice.com/game.php?id=924463"]
[Date "2011.4.10"]
[Round "1"]
[White "zemaria"]
[Black "Ares23"]
[Result "1-0"]
[WhiteElo "1824"]
[BlackElo "1346"]

1. e4 e5 2. Nf3 Nc6 3. d4 Nf6 4. d5 Nb4 5. Nc3 d6 6. a3 Na6 7. Be3 Bg4 8. Be2
Qd7 9. h3 Bxf3 10. Bxf3 c6 11. Qd2 O-O-O 12. O-O Kb8 13. Bg5 h6 14. Be3 Be7 15.
Rfd1 cxd5 16. Nxd5 g5 17. Nxe7 1-0

[Event "AUTO-INT-2004"]
[Site "http://www.queenalice.com/game.php?id=924464"]
[Date "2011.4.10"]
[Round "1"]
[White "Ares23"]
[Black "zemaria"]
[Result "0-1"]
[WhiteElo "1344"]
[BlackElo "1826"]

1. e4 e5 2. Nf3 d6 3. d4 exd4 4. Nxd4 h6 5. f3 Nf6 6. c4 c5 7. Nb5 a6 8. N5c3
Nc6 9. Be3 Qb6 10. b3 a5 11. Nd5 Nxd5 12. cxd5 Nd4 13. Nc3 Be7 14. Qd2 Bd7 15.
Rd1 Bf6 16. Bxd4 cxd4 17. Ne2 Bb5 18. Ng3 Bh4 0-1

[Event "Challenge"]
[Site "http://www.queenalice.com/game.php?id=924613"]
[Date "2011.4.11"]
[Round "-"]
[White "Ares23"]
[Black "Scaracioli"]
[Result "0-1"]
[WhiteElo "1357"]
[BlackElo "1588"]

1. e4 e5 2. Nf3 d6 3. Bc4 h6 4. d4 Nf6 5. Nc3 Bg4 6. h3 Bxf3 7. gxf3 a6 8. Be3
c5 9. dxc5 dxc5 10. Qd3 Nbd7 11. O-O-O Be7 12. Rhg1 g5 0-1

[Event "Challenge"]
[Site "http://www.queenalice.com/game.php?id=924615"]
[Date "2011.4.11"]
[Round "-"]
[White "Ares23"]
[Black "malouco"]
[Result "0-1"]
[WhiteElo "1390"]
[BlackElo "1581"]

1. e4 d5 2. Nc3 e6 3. Bb5+ Bd7 4. Bxd7+ Qxd7 5. Nf3 dxe4 6. Nxe4 Be7 7. d4 Nf6
8. Qe2 Nxe4 9. Qxe4 O-O 10. O-O c6 11. c3 Qd5 12. Qd3 c5 13. c4 Qf5 14. Rd1 Qxd3
15. Rxd3 cxd4 16. Rxd4 Nc6 17. Rd7 Rad8 18. Rd2 Rxd2 19. Bxd2 Bb4 0-1

[Event "Challenge"]
[Site "http://www.queenalice.com/game.php?id=924616"]
[Date "2011.4.11"]
[Round "-"]
[White "alfonso"]
[Black "Ares23"]
[Result "1-0"]
[WhiteElo "1575"]
[BlackElo "1401"]

1. e4 e5 2. Qh5 d6 3. Bc4 g6 4. Qf3 Nf6 5. Bb3 Nc6 6. c3 Bg4 7. Qe3 d5 8. Bxd5
Qd7 9. h3 Be6 10. c4 O-O-O 11. Nf3 Qd6 12. Nc3 Nb4 13. Kd1 b6 14. Nb5 Qd7 15.
Nxa7+ Kb8 16. Nb5 Bc5 17. Qa3 Bxd5 18. Qa7+ Kc8 19. Qa4 Nxe4 20. cxd5 Nxf2+ 21.
Ke2 Nxh1 22. Qa8# 1-0

[Event "Challenge"]
[Site "http://www.queenalice.com/game.php?id=924617"]
[Date "2011.4.11"]
[Round "-"]
[White "Ares23"]
[Black "Janivgm"]
[Result "1-0"]
[WhiteElo "1372"]
[BlackElo "1699"]

1. e4 e5 2. Nf3 Nc6 3. Bb5 d6 4. d4 Bd7 5. dxe5 Nxe5 6. Bxd7+ Qxd7 7. Nc3 Nf6 8.
O-O O-O-O 9. Bf4 Nxf3+ 10. Qxf3 d5 11. exd5 Nxd5 12. Nxd5 Qxd5 13. Qg4+ 1-0

[Event "Challenge"]
[Site "http://www.queenalice.com/game.php?id=924618"]
[Date "2011.4.11"]
[Round "-"]
[White "Ares23"]
[Black "Janivgm"]
[Result "1-0"]
[WhiteElo "1342"]
[BlackElo "1729"]

1. e4 e5 2. d4 d6 3. dxe5 dxe5 4. Qxd8+ Kxd8 5. Nf3 Nc6 6. Bc4 f6 7. Be3 Bd6 8.
O-O Bg4 9. h3 Bxf3 10. gxf3 Nge7 11. Nc3 Nd4 12. Bxd4 1-0